=LDR 00000nam 2200000 4500 =001 INLIS000000000021624 =005 20130612120452 =008 ***********************************Ind** =035 ##$$0010-061300000021624 =041 ##$$a Ind =082 ##$$a 658.64 =090 ##$$a 658.64, Lux-p =100 ##$$a LUXORI, Yusuf =245 ##$$a Pribadi Berpengaruh, Yusuf Luxori =260 ##$$a 2005 $b Jakarta =300 ##$$a xvi, 192 hlm., 21 cm =650 ##$$a Kepemimpinan =700 ##$$a H. Nandang Burhanudin =850 ##$$a NBPNMAT